000 00718nam a2200265 a 4500
001 000110503
003 CHAP
005 20220329144136.0
008 140904s2011 mx |r| |||||||spa d
010 _a106965
011 _a107937
020 _a9786079017330
040 _cCHAP
090 _aFolleto 18468
100 1 _aCocom Mayén, Miguel Ángel
_9128283
245 1 0 _aDe Mérida, roto /
_cpor Miguel Ángel Cocom Mayén.
260 _aYucatán, Méx. :
_bInstituto de Cultura de Yucatán,
_c2011.
300 _a47 p.
590 _aE6096MTM
_b05
_c20140904
_lUCH01
_h1443
650 1 4 _aLiteratura mexicana.
_967138
650 1 4 _aPoesía mexicana.
_990146
901 _aBK
942 _cFOLL
942 _n0
999 _c106965
_d106965